| 000 | 00885nam a2200229Ii 4500 | ||
|---|---|---|---|
| 003 | JO-AjNU | ||
| 008 | 230605s9999||||xx |||||||||||||| ||und|| | ||
| 017 | _a2009/6/2505 | ||
| 020 | _a9957-16.544.4 | ||
| 040 |
_aJO-AjNU _bara _erda _cJO-AjNU |
||
| 041 | _aara | ||
| 050 | 1 | 4 | _aK4285.R35.2010 |
| 100 | 3 |
_a الراعي، أشرف فتحي , _eauthor _949932 |
|
| 245 | 0 | 0 | _aحق الحصول على المعلومات " دراسة مقارنة " |
| 250 | _aط1 | ||
| 264 | 3 | 1 | _aعمان : دار الثقافة ، 2010 |
| 300 |
_a120ص _bيشتمل على مصادر ومراجع ببليوغرافية ص( 119-120) |
||
| 336 |
_atext _btxt _2rdacontent |
||
| 337 |
_aunmediated _bn _2rdamedia |
||
| 338 |
_avolume _bnc _2rdacarrier |
||
| 650 | 4 |
_aالقانون الخاص -- حق الحصول على المعلومات -- الأردن -- الملكية الفكرية _949933 |
|
| 999 |
_aA21963 _c25531 _d25531 |
||